NBA球队所在的城市 - Statistics

General Stats
  • This quiz has been taken 266 times
  • The average score is 19 of 28
Answer Stats
球队名称 城市 % Correct
湖人队/快船队 洛杉矶
89%
掘金队 丹佛
87%
火箭队 休斯敦
81%
凯尔特人队 波士顿
80%
公牛队 芝加哥
78%
太阳队 菲尼克斯
77%
骑士队 克利夫兰
76%
76人队 费城
76%
活塞队 底特律
75%
尼克斯队/篮网队 纽约
75%
开拓者队 波特兰
72%
马刺队 圣安东尼奥
72%
奇才队 华盛顿哥伦比亚特区
72%
独行侠队 达拉斯
71%
勇士队 旧金山
70%
国王队 萨克拉门托
68%
灰熊队 孟菲斯
68%
热火队 迈阿密
68%
猛龙队 多伦多
67%
黄蜂队 夏洛特
65%
雄鹿队 密尔沃基
65%
雷霆队 俄克拉荷马城
64%
鹈鹕队 新奥尔良
61%
老鹰队 亚特兰大
60%
爵士队 盐湖城
58%
魔术队 奥兰多
55%
森林狼队 明尼阿波利斯
52%
步行者队 印第安纳波利斯
46%
No matching quizzes found
Score Distribution
Percent of People with Each Score
Percentile by Number Answered
Your Score History
You have not taken this quiz